| 000 | 00618nam a2200265Ia 4500 | ||
|---|---|---|---|
| 008 | 210210b2013 xxu||||| |||| 00| 0 eng d | ||
| 020 | _a9789381398494 | ||
| 041 | _aeng | ||
| 082 | _a364.1532 TALC | ||
| 100 | _aTALWAR (Rajesh) | ||
| 245 | _aCourting injustice: the Nirbhaya case and its aftermath | ||
| 260 |
_aAustralia _bHay House India _c2013 |
||
| 300 | _a260 | ||
| 650 | _athe | ||
| 650 | _arape | ||
| 650 | _aNirbhaya | ||
| 650 | _aits | ||
| 650 | _ainjustice: | ||
| 650 | _aCourting | ||
| 650 | _acase | ||
| 650 | _aand | ||
| 650 | _aaftermath | ||
| 690 | _aCriminology | ||
| 906 | _a070749 | ||
| 999 |
_c120123 _d120123 |
||